00956nam a22002177a 450000500170000000800410001702000150005805000230007324501050009625000110020126000560021230000210026850400280028965000570031765000800037465100730045470000350052794200130056299900170057595201460059220250228145035.0 t ag gr|||| 00| 0 spa|d a950943211304aHF1480.5bT73 198400aTransnacionalización y desarrollo nacional en América Latina c / Luciano Tomassini, compilador. a1a ed. aBuenos Aires :bGrupo Editor Latinoamericano,c1984 a291 p. ;c19 cm. aIncluye bibliografías 4aDerecho marítimovDiscursos, ensayos, conferencias 4aPolítica energéticaxAmérica LatinavDiscursos, ensayos, conferencias 4aAmérica LatinaxRelaciones económicas internacionales xComercio1 aTomassini, Lucianoecompilador 2lcccLIB c97703d97703 102lcc4078aLIC-029bLIC-029cGENERALd2025-02-28eUAf1a ed.iCEAkCSAoHF1480.5 T73 1984pBFE000009981r2017-08-28 00:00:00t1v1.00yLIB